书目信息 |
| 题名: |
历史的回声
|
|
| 作者: | 李克异 著 | |
| 分册: | ||
| 出版信息: | 北京 中国青年出版社 1981.2 |
|
| 页数: | 475页 | |
| 开本: | 20cm | |
| 丛书名: | ||
| 单 册: | ||
| 中图分类: | I247.4 | |
| 科图分类: | ||
| 主题词: | 小说--中国 | |
| 电子资源: | ||
| ISBN: | ||
| 000 | 00566nam0 2200205 45 | |
| 001 | 0181012087 | |
| 005 | 20060913171933.78 | |
| 010 | @dCNY1.15 | |
| 091 | @a10009.673 | |
| 100 | @a20810111d km y0chiy0120 ea | |
| 101 | 0 | @achi |
| 105 | @aa z 000ay | |
| 200 | 1 | @a历史的回声@Ali shi de hui sheng@f李克异著@FLi Ke Yi Zhu |
| 210 | @a北京@c中国青年出版社@d1981.2 | |
| 215 | @a475页@c画像@d20cm | |
| 606 | 0 | @a小说@x中国 |
| 690 | @aI247.4@v3 | |
| 701 | 0 | @a李克异@4著 |
| 801 | @aCN@bTSTC@c20060913 | |
| 905 | @dI247.4@e109@f1@b42337@f1@b42332@f1@b42341@f1@b76467 | |
| 历史的回声/李克异著.-北京:中国青年出版社,1981.2 |
| 475页:画像;20cm |
| ISBN :CNY1.15 |
| ● |
| 相关链接 |
|
|
|
|
正题名:历史的回声
索取号:I247.4/109
 
预约/预借
| 序号 | 登录号 | 条形码 | 馆藏地/架位号 | 状态 | 备注 |
| 1 | 0042332 | 000175768 | 第二借阅区/ [索取号:I247.4/109] | 在馆 | |
| 2 | 0042333 | 001907066 | 密集书库/ [索取号:I247.4/109] | 在馆 | |
| 3 | 0042334 | 001617398 | 密集书库/ [索取号:I247.4/109] | 在馆 | |
| 4 | 0042337 | 000175795 | 密集书库/ [索取号:I247.4/109] | 在馆 | |
| 5 | 0042338 | 001805407 | 密集书库/ [索取号:I247.4/109] | 在馆 | |
| 6 | 0042339 | 001907100 | 密集书库/ [索取号:I247.4/109] | 在馆 | |
| 7 | 0042340 | 001907146 | 密集书库/ [索取号:I247.4/109] | 在馆 | |
| 8 | 0042341 | 000175777 | 第一样本阅览室/ [索取号:I247.4/109] | 在馆 | |
| 9 | 0076467 | 000175786 | 密集书库/ [索取号:I247.4/109] | 在馆 | |
| 10 | 0076468 | 001805416 | 密集书库/ [索取号:I247.4/109] | 在馆 | |
| 11 | 0473562 | 204735625 | 密集书库/ [索取号:I247.4/109] | 在馆 |